Pengetahuan Moral

Bibliographic Details
Main Author: Aishah Abd Samad
Format: Book
Published: Petaling Jaya : Sasbadi Sdn. Bhd. , 1996
Series:Target plus-plus SPM
Subjects:

MARC

LEADER 00000cam a2200000 7i4500
001 0000007554
002 000008115
005 20000330.0
020 |a 9830295079 
090 0 0 |a 370.114   |b AIS 
100 0 |a Aishah Abd Samad 
245 1 0 |a Pengetahuan Moral   |c Aishah Abd Samad 
260 |a Petaling Jaya :   |b Sasbadi Sdn. Bhd. ,   |c 1996 
300 |a 182p. ;   |c 21cm. 
490 0 |a Target plus-plus SPM 
650 0 0 |a Moral education   |x SPM 
999 |a 052009   |b BUKU   |c PINJAMAN   |e PERPUSTAKAAN KOMUNITI PETALING JAYA 
999 |a 052010   |b BUKU   |c PINJAMAN   |e PERPUSTAKAAN KOMUNITI PETALING JAYA 
999 |a 052011   |b BUKU   |c PINJAMAN   |e PERPUSTAKAAN KOMUNITI PETALING JAYA 
999 |a 054861   |b BUKU   |c PINJAMAN   |e PERPUSTAKAAN KOMUNITI CAW KOTA DAMANSARA 
999 |a 054862   |b BUKU   |c PINJAMAN   |e PERPUSTAKAAN KOMUNITI PETALING JAYA